|
|
|
|
| LEADER |
00000nab a2200000 ar4500 |
| 001 |
vtls009496237 |
| 003 |
SK-MaSNL |
| 005 |
20260304173414.0 |
| 008 |
090428c1971 xo mr|p|||||||000 b|slo |
| 015 |
|
|
|a SNKBUCL1971
|2 snkbucl
|
| 038 |
|
|
|a SNKBUCL
|
| 040 |
|
|
|a SNKBUCL
|b slo
|c SNKBUCL
|e AACR2
|
| 041 |
0 |
|
|a slo
|
| 044 |
|
|
|a xo
|c SK
|
| 080 |
|
|
|a 796.92
|x (437.6)
|2 2001
|
| 100 |
1 |
|
|a Medek, Eugen
|4 aut
|9 1503815
|
| 245 |
1 |
0 |
|a Renesancia slovenského lyžovania
|c Eugen Medek
|
| 300 |
|
|
|b Obr.
|
| 650 |
0 |
7 |
|a lyžovanie
|2 snkbucl
|9 3256
|
| 651 |
|
7 |
|a Slovensko
|2 snkbucl
|
| 773 |
0 |
|
|t Lyžařství
|g Roč. 57, č. 5 (1971), s. 1-2
|
| 852 |
|
|
|a SNK
|b KIS3GCP
|
| 999 |
|
|
|c 3003103
|d 3005033
|